01016nam a2200241 a 4500001001000000005001700010008004100027020001800068041000800086044000700094050002100101245014000122260005300262300004800315500013100363500006100494500003900555500005000594650003500644650004800679700002200727700002500749BRCA_155320190320203452.0751203s2009 mx-a---###---#000-0#spa-# a9786079521714 aspa amx 4aN8070b.A78 200910aEl arte de las misiones del norte de la Nueva Españab1600-1821ccuradores de la exposición Clara Bargellini, Michael K. Komanecky. aMéxicobAntiguo Colegio de San Ildefonsoc2009 axxii, 371 p.bil. (algunas a color)c29 cm. aCatálogo de la exposición realizada en el Antiguo Colegio de San Ildefonso (Ciudad de México), 2 abril - 16 agosto, 2009 aIncluye piezas de la colección Franz Mayer: p. 331-332 aIncluye apéndice bibliográfico a2do. ejemplar en el Área de Investigación14aArte religiosozNueva España14aArte cristiano y simbolismozSiglo VXII-XIX1 aBargellini, Clara1 aKomanecky, Michael k